The evolution of Thailand's economy

Đã lưu trong:
书目详细资料
主要作者: Chira Charoenloet
格式: 图书
语言:Undetermined
出版: Bangkok Thai Watana Panich Press Co., Ltd 1971
主题:
标签: 添加标签
没有标签, 成为第一个标记此记录!
Thư viện lưu trữ: Trung tâm Học liệu Trường Đại học Cần Thơ
LEADER 00531nam a2200193Ia 4500
001 CTU_90759
008 210402s9999 xx 000 0 und d
082 |a 330.9593 
082 |b C433 
100 |a Chira Charoenloet 
245 4 |a The evolution of Thailand's economy 
245 0 |c Chira Charoenloet 
260 |a Bangkok 
260 |b Thai Watana Panich Press Co., Ltd 
260 |c 1971 
650 |a thailand 
650 |x economic conditions 
904 |i Mai Loan 
980 |a Trung tâm Học liệu Trường Đại học Cần Thơ